[Event "Titled Tuesday intern op 11th Apr Late"]
[Site "Chess.com INT"]
[Date "2023.04.11"]
[Round "1"]
[White "Vujcic, Milena"]
[Black "Dobrikov, Marco"]
[Result "0-1"]
[WhiteElo "2104"]
[BlackElo "2269"]
[PlyCount "44"]
[EventDate "2023.04.11"]
[EventType "swiss (blitz)"]
[EventRounds "11"]
[EventCountry "USA"]
[SourceTitle "CBM 213 Extra"]
[Source "ChessBase"]
[SourceDate "2023.05.31"]
[SourceVersion "1"]
[SourceVersionDate "2023.05.31"]
[SourceQuality "1"]

1. e4 g6 2. d4 Bg7 3. Nf3 d6 4. h3 Nf6 5. Nc3 0-0 6. Be3 a6 7. a4 e5 8. Bc4 Nc6 9. 0-0 h6 10. Qd2 Kh7 11. Rad1 Qe7 12. Nd5 Nxd5 13. exd5 e4 14. Nh2 Nb8 15. Be2 Nd7 16. c4 f5 17. f3 Nf6 18. Kh1 Nh5 19. Bf2 e3 20. Bxe3 Ng3+ 21. Kg1 f4 22. Bf2 Nxe2+ 0-1

[Event "Titled Tuesday intern op 04th Apr Late"]
[Site "Chess.com INT"]
[Date "2023.04.04"]
[Round "5"]
[White "Vujcic, Milena"]
[Black "Vaglio Munoz, Jaime"]
[Result "0-1"]
[WhiteElo "2104"]
[BlackElo "2174"]
[PlyCount "108"]
[EventDate "2023.04.04"]
[EventType "swiss (blitz)"]
[EventRounds "11"]
[EventCountry "USA"]
[SourceTitle "EXT 2024"]
[Source "ChessBase"]
[SourceDate "2023.10.10"]
[SourceVersion "1"]
[SourceVersionDate "2023.10.10"]
[SourceQuality "1"]

1. e4 c6 2. d4 d5 3. Nc3 g6 4. e5 h5 5. f4 Nh6 6. Nf3 Bg4 7. Be3 Nf5 8. Bf2 e6 9. Be2 Bxf3 10. Bxf3 Qb6 11. Qd2 Bb4 12. 0-0-0 Qa5 13. a3 Bxc3 14. Qxc3 Qxc3 15. bxc3 Nd7 16. Be2 b5 17. Kb2 Nb6 18. h3 h4 19. Rd3 Nc4+ 20. Ka2 a5 21. g4 b4 22. gxf5 gxf5 23. Be1 Nxa3 24. Bd1 Kd7 25. Rg1 Nc4 26. Kb1 Rhb8 27. cxb4 axb4 28. Rb3 Ra4 29. Be2 Rba8 30. Kc1 Ra1+ 31. Rb1 Rxb1+ 32. Kxb1 Ra3 33. Bxc4 dxc4 34. Bxb4 Rxh3 35. Bd2 Rh2 36. Kc1 h3 37. c3 c5 38. Be1 Kc6 39. Bg3 Ra2 40. Kb1 Re2 41. Rh1 Re3 42. Be1 cxd4 43. cxd4 Kd5 44. Bd2 Rd3 45. Kc2 Rg3 46. Ra1 Kxd4 47. Rh1 c3 48. Bc1 Rg2+ 49. Kb3 h2 50. Rd1+ Ke4 51. Kxc3 Rg1 52. Rd4+ Kf3 53. Rd3+ Kg4 54. Be3 h1Q 0-1

[Event "EU-ch 23rd"]
[Site "Vrnjacka Banja"]
[Date "2023.03.12"]
[Round "10"]
[White "Vujcic, Milena"]
[Black "Bashirli, Nail Qoshqar"]
[Result "1/2-1/2"]
[WhiteElo "2072"]
[BlackElo "2343"]
[PlyCount "60"]
[EventDate "2023.03.03"]
[EventType "swiss"]
[EventRounds "11"]
[EventCountry "SRB"]
[SourceTitle "CBM 213"]
[Source "ChessBase"]
[SourceDate "2023.04.30"]
[SourceVersion "1"]
[SourceVersionDate "2023.04.30"]
[SourceQuality "1"]

1. e4 c5 2. Nf3 d6 3. d4 cxd4 4. Nxd4 Nf6 5. Nc3 Nc6 6. Bg5 Bd7 7. Qd2 Rc8 8. f4 Nxd4 9. Qxd4 Qa5 10. e5 dxe5 11. fxe5 e6 12. exf6 Qxg5 13. Rd1 Bc6 14. Nb5 Bd5 15. Nxa7 Bc5 16. Qa4+ Bc6 17. Nxc6 Qe3+ 18. Be2 Qf2+ 19. Kd2 Qe3+ 20. Ke1 Qf2+ 21. Kd2 bxc6 22. fxg7 Qe3+ 23. Ke1 Qf2+ 24. Kd2 Rg8 25. Rhf1 Qxg2 26. Qa6 Qg5+ 27. Ke1 Qh4+ 28. Kd2 Qg5+ 29. Ke1 Qh4+ 30. Kd2 Qg5+ 1/2-1/2

[Event "SRB-ch (Women) 16th"]
[Site "Bajina Basta"]
[Date "2022.12.14"]
[Round "9"]
[White "Vujcic, Milena"]
[Black "Eric, Jovana"]
[Result "0-1"]
[WhiteElo "2048"]
[BlackElo "2236"]
[PlyCount "74"]
[EventDate "2022.12.06"]
[EventType "tourn"]
[EventRounds "9"]
[EventCountry "SRB"]
[SourceTitle "CBM 211 Extra"]
[Source "ChessBase"]
[SourceDate "2023.01.31"]
[SourceVersion "1"]
[SourceVersionDate "2023.01.31"]
[SourceQuality "1"]

1. e4 c5 2. Nf3 d6 3. d4 cxd4 4. Nxd4 Nf6 5. Nc3 a6 6. Bg5 e6 7. f4 Be7 8. Qf3 Qc7 9. 0-0-0 Nbd7 10. g4 h6 11. Bxf6 Bxf6 12. h4 Nb6 13. g5 Bxd4 14. Rxd4 Qc5 15. Rd2 Bd7 16. a3 0-0-0 17. Rd3 Kb8 18. Nb1 d5 19. b4 Qc7 20. Rc3 dxe4 21. Qf2 Bc6 22. b5 axb5 23. Bxb5 Nd5 24. Bxc6 Nxc3 25. Nxc3 Qxc6 26. Qe3 Rc8 27. Kb2 f5 28. gxf6 gxf6 29. Rh2 f5 30. a4 Rhg8 31. Nb5 Qc5 32. Qb3 e5 33. Rd2 Rgd8 34. Rxd8 Rxd8 35. fxe5 Qxe5+ 36. Ka2 e3 37. Qb4 Rc8 0-1

[Event "SRB-ch (Women) 16th"]
[Site "Bajina Basta"]
[Date "2022.12.10"]
[Round "5"]
[White "Vujcic, Milena"]
[Black "Srdanovic, Jovana"]
[Result "1/2-1/2"]
[WhiteElo "2048"]
[BlackElo "2190"]
[PlyCount "66"]
[EventDate "2022.12.06"]
[EventType "tourn"]
[EventRounds "9"]
[EventCountry "SRB"]
[SourceTitle "CBM 211 Extra"]
[Source "ChessBase"]
[SourceDate "2023.01.31"]
[SourceVersion "1"]
[SourceVersionDate "2023.01.31"]
[SourceQuality "1"]

1. e4 c5 2. Nf3 d6 3. d4 cxd4 4. Nxd4 Nf6 5. Nc3 a6 6. Bg5 e6 7. f4 Qb6 8. Qd2 Nc6 9. 0-0-0 Qxd4 10. Qxd4 Nxd4 11. Rxd4 h6 12. Bxf6 gxf6 13. g3 Bd7 14. Bg2 h5 15. Rd3 Bc6 16. Bf3 h4 17. f5 hxg3 18. hxg3 Rxh1+ 19. Bxh1 Bh6+ 20. Kd1 Ke7 21. g4 Rg8 22. Rh3 Bf4 23. fxe6 fxe6 24. Bf3 Be5 25. Kd2 Rg7 26. b4 Kd7 27. Ne2 Bb5 28. c3 Bc4 29. a4 b6 30. Rh8 Kc7 31. Nd4 Bxd4 32. cxd4 d5 33. exd5 Bxd5 1/2-1/2

[Event "Titled Tuesday intern op 11th Oct Late"]
[Site "Chess.com INT"]
[Date "2022.10.11"]
[Round "6"]
[White "Mickiewicz, Piotr"]
[Black "Vujcic, Milena"]
[Result "1-0"]
[WhiteElo "2272"]
[BlackElo "2029"]
[PlyCount "57"]
[EventDate "2022.10.11"]
[EventType "swiss (blitz)"]
[EventRounds "11"]
[EventCountry "USA"]
[SourceTitle "EXT 2024"]
[Source "ChessBase"]
[SourceDate "2023.10.10"]
[SourceVersion "1"]
[SourceVersionDate "2023.10.10"]
[SourceQuality "1"]

1. Nf3 Nf6 2. g3 g6 3. Bg2 Bg7 4. 0-0 0-0 5. d3 d6 6. c4 c5 7. Nc3 Nc6 8. Rb1 a5 9. a3 e5 10. Bg5 h6 11. Bxf6 Bxf6 12. Nd2 Be6 13. e3 Bg7 14. Nd5 f5 15. b4 axb4 16. axb4 cxb4 17. Nxb4 Qc8 18. Nd5 Ra2 19. Ra1 Rxa1 20. Qxa1 f4 21. Be4 Bf5 22. Qa4 Bxe4 23. Nxe4 fxe3 24. fxe3 Rxf1+ 25. Kxf1 Qh3+ 26. Kg1 Kh7 27. Qb3 h5 28. Qxb7 Nd8 29. Ng5+ 1-0

[Event "Titled Tuesday intern op 11th Oct Late"]
[Site "Chess.com INT"]
[Date "2022.10.11"]
[Round "9"]
[White "Owen, Michael1111"]
[Black "Vujcic, Milena"]
[Result "0-1"]
[WhiteElo "2043"]
[BlackElo "2029"]
[PlyCount "62"]
[EventDate "2022.10.11"]
[EventType "swiss (blitz)"]
[EventRounds "11"]
[EventCountry "USA"]
[SourceTitle "EXT 2024"]
[Source "ChessBase"]
[SourceDate "2023.10.10"]
[SourceVersion "1"]
[SourceVersionDate "2023.10.10"]
[SourceQuality "1"]

1. e4 e5 2. Nf3 Nc6 3. Bb5 a6 4. Ba4 Nf6 5. 0-0 Nxe4 6. d4 exd4 7. Re1 d5 8. Nxd4 Bd6 9. f3 Qh4 10. h3 Qf2+ 11. Kh1 Qg3 12. Kg1 Bxh3 13. Rxe4+ dxe4 14. Qe2 0-0 15. c3 Rfe8 16. fxe4 Qh2+ 17. Kf1 Qh1+ 18. Kf2 Qxg2+ 19. Ke1 Rxe4 20. Be3 Qg3+ 21. Kd2 Rxe3 22. Qxe3 Bf4 23. Qxf4 Qxf4+ 24. Kd3 Nxd4 25. cxd4 Rd8 26. Nc3 Qxd4+ 27. Kc2 Bf5+ 28. Kb3 b5 29. Bxb5 axb5 30. Rd1 Qc4+ 31. Ka3 Ra8+ 0-1

[Event "Titled Tuesday intern op 11th Oct Late"]
[Site "Chess.com INT"]
[Date "2022.10.11"]
[Round "4"]
[White "Vujcic, Milena"]
[Black "Shohat, Yotam"]
[Result "1/2-1/2"]
[WhiteElo "2029"]
[BlackElo "2299"]
[PlyCount "40"]
[EventDate "2022.10.11"]
[EventType "swiss (blitz)"]
[EventRounds "11"]
[EventCountry "USA"]
[SourceTitle "EXT 2024"]
[Source "ChessBase"]
[SourceDate "2023.10.10"]
[SourceVersion "1"]
[SourceVersionDate "2023.10.10"]
[SourceQuality "1"]

1. e4 c5 2. Nf3 d6 3. d4 cxd4 4. Nxd4 Nf6 5. Nc3 a6 6. Bg5 e6 7. f4 Nbd7 8. Qf3 Qc7 9. 0-0-0 b5 10. e5 Bb7 11. Qh3 dxe5 12. Nxe6 fxe6 13. Qxe6+ Be7 14. Bxb5 axb5 15. Nxb5 Qc6 16. Nd6+ Kd8 17. Nf7+ Ke8 18. Nd6+ Kd8 19. Nf7+ Ke8 20. Nd6+ Kd8 1/2-1/2

[Event "Titled Tuesday intern op 11th Oct Late"]
[Site "Chess.com INT"]
[Date "2022.10.11"]
[Round "3"]
[White "Yi, Richard"]
[Black "Vujcic, Milena"]
[Result "1-0"]
[WhiteElo "2138"]
[BlackElo "2029"]
[PlyCount "47"]
[EventDate "2022.10.11"]
[EventType "swiss (blitz)"]
[EventRounds "11"]
[EventCountry "USA"]
[SourceTitle "EXT 2024"]
[Source "ChessBase"]
[SourceDate "2023.10.10"]
[SourceVersion "1"]
[SourceVersionDate "2023.10.10"]
[SourceQuality "1"]

1. Nf3 g6 2. e4 Bg7 3. d4 d6 4. Nc3 Nf6 5. Be2 c6 6. 0-0 b5 7. h3 b4 8. e5 Nfd7 9. Ne4 dxe5 10. d5 0-0 11. Be3 Bb7 12. d6 exd6 13. Qxd6 f5 14. Neg5 Qf6 15. Bc4+ Kh8 16. Ne6 Rc8 17. Bg5 Qf7 18. Bb3 Qe8 19. Nc7 Rxc7 20. Qxc7 Qc8 21. Qd6 Nb6 22. Rad1 N8d7 23. Be6 Nf8 24. Bxc8 1-0

[Event "Titled Tuesday intern op 27th Sep Late"]
[Site "Chess.com INT"]
[Date "2022.09.27"]
[Round "8"]
[White "Vujcic, Milena"]
[Black "Haitin, Ilja"]
[Result "0-1"]
[WhiteElo "2029"]
[BlackElo "2321"]
[PlyCount "54"]
[EventDate "2022.09.27"]
[EventType "swiss (blitz)"]
[EventRounds "11"]
[EventCountry "USA"]
[SourceTitle "CBM 210 Extra"]
[Source "ChessBase"]
[SourceDate "2022.11.30"]
[SourceVersion "1"]
[SourceVersionDate "2022.11.30"]
[SourceQuality "1"]

1. e4 d6 2. d4 Nf6 3. Nc3 e5 4. dxe5 dxe5 5. Qxd8+ Kxd8 6. Bc4 Ke8 7. Bg5 Nbd7 8. 0-0-0 Bd6 9. Bb5 a6 10. Bxf6 axb5 11. Bxg7 Rg8 12. Bh6 Rxg2 13. Be3 Ke7 14. Nf3 f6 15. Nd5+ Kf7 16. a3 Nf8 17. Rdg1 Rxg1+ 18. Rxg1 Ng6 19. h4 h5 20. Ne1 Be6 21. Nd3 Bxd5 22. exd5 Ra4 23. Bc5 Rxh4 24. Bxd6 cxd6 25. Nb4 Nf4 26. b3 Ne2+ 27. Kd2 Nxg1 0-1

[Event "Titled Tuesday intern op 27th Sep Late"]
[Site "Chess.com INT"]
[Date "2022.09.27"]
[Round "11"]
[White "Vujcic, Milena"]
[Black "Luxama, Jacques Muller"]
[Result "1-0"]
[WhiteElo "2029"]
[BlackElo "1933"]
[PlyCount "83"]
[EventDate "2022.09.27"]
[EventType "swiss (blitz)"]
[EventRounds "11"]
[EventCountry "USA"]
[SourceTitle "CBM 210 Extra"]
[Source "ChessBase"]
[SourceDate "2022.11.30"]
[SourceVersion "1"]
[SourceVersionDate "2022.11.30"]
[SourceQuality "1"]

1. e4 e5 2. Nf3 Nc6 3. Bb5 Nf6 4. d3 Bc5 5. c3 d6 6. 0-0 0-0 7. d4 exd4 8. cxd4 Bb6 9. Nc3 Bg4 10. Bxc6 bxc6 11. Be3 Re8 12. h3 Bh5 13. g4 Bg6 14. e5 dxe5 15. Nxe5 Nd5 16. Nxc6 Nxe3 17. fxe3 Qh4 18. Qf3 h5 19. Ne5 hxg4 20. Nxg6 fxg6 21. hxg4 Rf8 22. Qg2 Qg5 23. Nd5 Rxf1+ 24. Rxf1 Rf8 25. Rxf8+ Kxf8 26. Qf3+ Kg8 27. Qe4 c6 28. Ne7+ Kh7 29. Qh1+ Qh6 30. Qxh6+ gxh6 31. Nxc6 h5 32. gxh5 gxh5 33. Kg2 Kg6 34. Kg3 Kg5 35. Nb4 Bc7+ 36. Kh3 Kf5 37. Nd5 Bd8 38. Nc3 h4 39. e4+ Kf4 40. d5 Ke5 41. b4 a6 42. a4 1-0

[Event "Titled Tuesday intern op 27th Sep Late"]
[Site "Chess.com INT"]
[Date "2022.09.27"]
[Round "2"]
[White "Vujcic, Milena"]
[Black "Runets, Ivan"]
[Result "0-1"]
[WhiteElo "2029"]
[BlackElo "2176"]
[PlyCount "34"]
[EventDate "2022.09.27"]
[EventType "swiss (blitz)"]
[EventRounds "11"]
[EventCountry "USA"]
[SourceTitle "CBM 210 Extra"]
[Source "ChessBase"]
[SourceDate "2022.11.30"]
[SourceVersion "1"]
[SourceVersionDate "2022.11.30"]
[SourceQuality "1"]

1. e4 c5 2. Nf3 e6 3. d4 cxd4 4. Nxd4 Nf6 5. Bd3 Nc6 6. Nxc6 dxc6 7. 0-0 e5 8. Nd2 Bc5 9. Nc4 Qc7 10. Be3 Bxe3 11. Nxe3 Be6 12. Qf3 0-0-0 13. a4 h5 14. b4 Bg4 15. Nxg4 hxg4 16. Qf5+ Kb8 17. Rfd1 Rh5 0-1

[Event "Titled Tuesday intern op 02nd Aug Late"]
[Site "Chess.com INT"]
[Date "2022.08.02"]
[Round "3"]
[White "Estrada Nieto, Julian"]
[Black "Vujcic, Milena"]
[Result "1-0"]
[WhiteElo "2263"]
[BlackElo "1987"]
[PlyCount "53"]
[EventDate "2022.08.02"]
[EventType "swiss (blitz)"]
[EventRounds "11"]
[EventCountry "USA"]
[SourceTitle "EXT 2023"]
[Source "ChessBase"]
[SourceDate "2022.10.05"]
[SourceVersion "1"]
[SourceVersionDate "2022.10.05"]
[SourceQuality "1"]

1. e4 e5 2. Nf3 Nc6 3. Bb5 a6 4. Ba4 Nf6 5. 0-0 Nxe4 6. d4 b5 7. Bb3 d5 8. dxe5 Be6 9. c3 Bc5 10. Qd3 0-0 11. Be3 Bxe3 12. Qxe3 f6 13. exf6 Qxf6 14. Nbd2 Nxd2 15. Qxd2 Rad8 16. Nd4 Nxd4 17. cxd4 c6 18. Rac1 Bg4 19. Rc3 Rde8 20. Re3 Rxe3 21. Qxe3 a5 22. a4 Bh5 23. axb5 cxb5 24. Bxd5+ Kh8 25. Re1 Rd8 26. Qe5 Bf7 27. Qxf6 1-0

[Event "Paracin op-A 15th"]
[Site "Paracin"]
[Date "2022.07.11"]
[Round "4"]
[White "Vujcic, Milena"]
[Black "Vaibhav, Jayant Raut"]
[Result "0-1"]
[WhiteElo "1987"]
[BlackElo "2169"]
[PlyCount "78"]
[EventDate "2022.07.08"]
[EventType "swiss"]
[EventRounds "9"]
[EventCountry "SRB"]
[SourceTitle "CBM 209 Extra"]
[Source "ChessBase"]
[SourceDate "2022.09.30"]
[SourceVersion "1"]
[SourceVersionDate "2022.09.30"]
[SourceQuality "1"]

1. e4 c5 2. Nf3 e6 3. d4 cxd4 4. Nxd4 a6 5. Bd3 Ne7 6. 0-0 Nbc6 7. Nxc6 Nxc6 8. c4 Bc5 9. Qg4 Qf6 10. Nc3 b6 11. Qg3 Qg6 12. Qh3 Ne5 13. Bf4 Qf6 14. Bd2 h5 15. Na4 Bd4 16. Bc3 Bxc3 17. bxc3 Qf4 18. Nxb6 Rb8 19. Rab1 Bb7 20. Bc2 Ke7 21. Qg3 g5 22. Qxf4 gxf4 23. f3 h4 24. Kf2 d6 25. Rfd1 Bc6 26. Rb2 h3 27. g3 fxg3+ 28. hxg3 h2 29. Rh1 Nd7 30. c5 Nxc5 31. Nc4 Rxb2 32. Nxb2 Rb8 33. Nd1 Ba4 34. Bxa4 Nxa4 35. Ke2 Rb1 36. Rxh2 Nxc3+ 37. Kd3 Nxd1 38. Rd2 Nb2+ 39. Kc2 Nc4 0-1